[Event "Pojedinacno prvenstvo Centralne Srbije 2"]
[Site "Vrnjacka Banja"]
[Date "2014.03.20"]
[Round "6.7"]
[White "Andrijevic, Milan"]
[Black "Colovic, Dusan"]
[Result "1-0"]
[WhiteElo "2333"]
[BlackElo "2380"]
[PlyCount "67"]
[EventDate "2014.03.17"]

1. e4 d6 2. d4 Nf6 3. Nc3 c6 4. Nf3 Bg4 5. Bd3 e6 6. Ne2 Bxf3 7. gxf3 c5 8. c3
a6 9. Be3 Nc6 10. a3 cxd4 11. cxd4 d5 12. e5 Nd7 13. h4 Rc8 14. h5 Na5 15. f4
Nc4 16. Bc1 f5 17. b3 Na5 18. Bb2 Be7 19. Bc3 O-O 20. Kf1 Qb6 21. Rh3 Rc7 22.
Kg2 Rfc8 23. Bxa5 Qxa5 24. b4 Qb6 25. Qb3 Nb8 26. Rg1 Nc6 27. Bb1 Bf8 28. Bxf5
exf5 29. Qxd5+ Kh8 30. Qe6 Rd8 31. Rd3 Rcd7 32. d5 Qb5 33. d6 Nb8 34. Nd4 {....
} 1-0

[Event "Pojedinacno prvenstvo Centralne Srbije 2"]
[Site "Vrnjacka Banja"]
[Date "2014.03.20"]
[Round "6.8"]
[White "Savicevic, Vlatko"]
[Black "Milenkovic, Mladen"]
[Result "1/2-1/2"]
[WhiteElo "2330"]
[BlackElo "2373"]
[PlyCount "30"]
[EventDate "2014.03.17"]

1. e4 c5 2. Nf3 Nc6 3. d3 g6 4. g3 Bg7 5. Bg2 d6 6. O-O Nf6 7. Re1 O-O 8. Nbd2
e5 9. c3 Re8 10. a3 h6 11. b4 Be6 12. Bb2 Qd7 13. d4 exd4 14. cxd4 cxd4 15.
Nxd4 Ne5 1/2-1/2

[Event "Pojedinacno prvenstvo Centralne Srbije 2"]
[Site "Vrnjacka Banja"]
[Date "2014.03.20"]
[Round "6.9"]
[White "Radusinovic, Lazar"]
[Black "Zajic, Milan"]
[Result "0-1"]
[WhiteElo "2313"]
[BlackElo "2370"]
[PlyCount "62"]
[EventDate "2014.03.17"]

1. d4 e6 2. Nf3 c5 3. g3 cxd4 4. Bg2 Nf6 5. O-O Bc5 6. Nxd4 Qb6 7. Nb3 Be7 8.
c4 d6 9. Na3 O-O 10. e4 Nc6 11. Bf4 Rd8 12. Nb5 Ne5 13. Qe2 a6 14. Na3 Qc7 15.
Nd4 b6 16. Rac1 Bb7 17. f3 Rac8 18. Be3 h5 19. Rfd1 Qb8 20. Nb1 Re8 21. b3 Ned7
22. Nc3 d5 23. cxd5 exd5 24. exd5 Ba3 25. Rc2 Rxc3 26. Rxc3 Nxd5 27. Rcd3 Nc5
28. Nc6 Bxc6 29. Rxd5 Bxd5 30. Rxd5 Bc1 31. Bf4 Bxf4 0-1

[Event "Pojedinacno prvenstvo Centralne Srbije 2"]
[Site "Vrnjacka Banja"]
[Date "2014.03.20"]
[Round "6.10"]
[White "Jovic, Stanoje"]
[Black "Ratkovic, Miloje"]
[Result "1/2-1/2"]
[WhiteElo "2304"]
[BlackElo "2358"]
[PlyCount "120"]
[EventDate "2014.03.17"]

1. c4 e5 2. Nc3 c5 3. Nf3 Nc6 4. g3 g6 5. Bg2 Bg7 6. O-O Nge7 7. Ne1 O-O 8. Nc2
d6 9. Ne3 Be6 10. Ned5 Qd7 11. Qa4 Rae8 12. d3 Bh3 13. Bg5 f6 14. Bd2 Bxg2 15.
Kxg2 f5 16. e4 f4 17. f3 fxg3 18. hxg3 Rf7 19. Nxe7+ Qxe7 20. Nd5 Qf8 21. Be3
Bh6 22. Bg1 Rc8 23. b4 b6 24. b5 Ne7 25. Nxe7+ Qxe7 26. Qc2 Ra8 27. a4 a5 28.
bxa6 Rxa6 29. Ra2 Qd8 30. Qb3 Bg5 31. Qb5 Qa8 32. Rb1 h5 33. Bf2 Kg7 34. Be1
Qc8 35. Qb3 Qf8 36. Qd1 Rfa7 37. Rba1 Qe8 38. Bf2 Qd8 39. Qh1 Qf6 40. Qe1 Ra8
41. Qe2 Qe7 42. Be1 Qd7 43. Qd1 R6a7 44. Qb3 Bd8 45. Bd2 h4 46. gxh4 Bxh4 47.
a5 bxa5 48. Rxa5 Rxa5 49. Rxa5 Rh8 50. Qa4 Qxa4 51. Rxa4 Rb8 52. Kh3 Be7 53.
Ra7 Kf6 54. Ra3 Rb2 55. Be1 Ke6 56. Bh4 Bxh4 57. Kxh4 Rf2 58. Kg3 Rf1 59. Kg2
Rb1 60. Kf2 Rb2+ 1/2-1/2

[Event "Pojedinacno prvenstvo Centralne Srbije 2"]
[Site "Vrnjacka Banja"]
[Date "2014.03.20"]
[Round "6.11"]
[White "Velickovic, Sasa"]
[Black "Gavrilovic, Leonardo"]
[Result "1-0"]
[WhiteElo "2377"]
[BlackElo "2255"]
[PlyCount "61"]
[EventDate "2014.03.17"]

1. e4 Nf6 2. e5 Nd5 3. d4 d6 4. Nf3 g6 5. g3 Bg7 6. Bg2 O-O 7. O-O Nc6 8. exd6
cxd6 9. c3 h6 10. Na3 e6 11. Nc2 Qc7 12. Qd3 Bd7 13. Bd2 b5 14. Rac1 Rac8 15.
Ne3 Nce7 16. Nxd5 Nxd5 17. b3 Nb6 18. Nh4 Bc6 19. Bh3 Rce8 20. f4 e5 21. f5 e4
22. Qe2 e3 23. Be1 Bd7 24. Bg2 Bxd4 25. fxg6 fxg6 26. Rxf8+ Rxf8 27. Nxg6 Rf6
28. Nf4 Bf5 29. Qxb5 e2+ 30. Kh1 Be3 31. Qe8+ 1-0

[Event "Pojedinacno prvenstvo Centralne Srbije 2"]
[Site "Vrnjacka Banja"]
[Date "2014.03.20"]
[Round "6.12"]
[White "Nestorovic, Lazar"]
[Black "Vujacic, Borivoje"]
[Result "1-0"]
[WhiteElo "2381"]
[BlackElo "2287"]
[PlyCount "131"]
[EventDate "2014.03.17"]

1. e4 c5 2. Nf3 d6 3. d4 cxd4 4. Nxd4 Nf6 5. Nc3 a6 6. Bg5 e6 7. Qe2 Be7 8. f4
h6 9. Bxf6 Bxf6 10. O-O-O Qc7 11. Qd2 Be7 12. g4 Nc6 13. Nb3 Bd7 14. Bg2 O-O-O
15. Kb1 g5 16. Rhe1 gxf4 17. Qxf4 Ne5 18. h3 Kb8 19. Bf1 Bh4 20. Re2 Bc6 21.
Rg2 Qe7 22. Na5 Qc7 23. Nb3 Qe7 24. Rd4 Qg5 25. Qc1 Qxc1+ 26. Nxc1 Bg5 27. Re2
h5 28. gxh5 Rxh5 29. Bg2 Bxc1 30. Kxc1 Rg5 31. Bf1 Rg1 32. Rd1 Kc7 33. Rh2 Rh8
34. Be2 Rxd1+ 35. Kxd1 Rh4 36. Kd2 Kd7 37. Ke3 Ke7 38. a4 a5 39. b3 Ng6 40. Bg4
Ne5 41. Be2 f5 42. exf5 exf5 43. Kf2 f4 44. Bd1 Kf6 45. Nb1 Bd7 46. Kg2 Bc6+
47. Kf2 d5 48. Nd2 d4 49. Bf3 Bxf3 50. Nxf3 Nxf3 51. Kxf3 Kf5 52. Rh1 Rh7 53.
h4 Rc7 54. h5 Rc3+ 55. Ke2 Rxc2+ 56. Kd3 Rc7 57. h6 Kg6 58. Kxd4 Kh7 59. Rh3
Rf7 60. Ke4 Rf6 61. Rf3 Kxh6 62. Rxf4 Rb6 63. Rf3 Rb4+ 64. Kf5 b5 65. Kf6 Kh5
66. Rf5+ 1-0

[Event "Pojedinacno prvenstvo Centralne Srbije 2"]
[Site "Vrnjacka Banja"]
[Date "2014.03.20"]
[Round "6.13"]
[White "Pavlovic, Goran"]
[Black "Bura, Goran"]
[Result "1-0"]
[WhiteElo "2372"]
[BlackElo "2222"]
[PlyCount "67"]
[EventDate "2014.03.17"]

1. d4 Nf6 2. c4 g6 3. Nc3 Bg7 4. e4 d6 5. h3 O-O 6. Bg5 c5 7. d5 Qa5 8. Qd2 a6
9. Bd3 Nbd7 10. Nf3 b5 11. O-O bxc4 12. Bxc4 Qb4 13. Bd3 c4 14. a3 Qc5 15. Bc2
Rb8 16. Rab1 Nb6 17. Rfe1 Re8 18. Be3 Qc7 19. Bd4 e5 20. dxe6 Bxe6 21. Ng5 Nbd7
22. f4 Nc5 23. f5 gxf5 24. exf5 Bd7 25. Rxe8+ Rxe8 26. Qf4 Nd3 27. Qh4 Bc6 28.
Bxd3 cxd3 29. Rd1 h6 30. Nf3 Bxf3 31. gxf3 d5 32. Kh1 Qe7 33. Rg1 Kh7 34. Nxd5
1-0

[Event "Pojedinacno prvenstvo Centralne Srbije 2"]
[Site "Vrnjacka Banja"]
[Date "2014.03.20"]
[Round "6.14"]
[White "Radosavljevic, Slobodan D"]
[Black "Cvetkovic, Srdjan"]
[Result "0-1"]
[WhiteElo "2227"]
[BlackElo "2332"]
[PlyCount "38"]
[EventDate "2014.03.17"]

1. g3 g6 2. Bg2 Bg7 3. c4 c5 4. Nc3 Nc6 5. Nf3 e6 6. O-O Nge7 7. a3 O-O 8. b4
Nxb4 9. axb4 cxb4 10. Nb5 Bxa1 11. d4 a6 12. Qa4 Bc3 13. Bh6 axb5 14. Qxa8 bxc4
15. Bxf8 Qxf8 16. e4 d5 17. e5 Nf5 18. Rd1 Bd7 19. Qxb7 Ba4 0-1

[Event "Pojedinacno prvenstvo Centralne Srbije 2"]
[Site "Vrnjacka Banja"]
[Date "2014.03.20"]
[Round "6.15"]
[White "Ilic, Zoran S"]
[Black "Sorgic, Dragan"]
[Result "1-0"]
[WhiteElo "2297"]
[BlackElo "2244"]
[PlyCount "83"]
[EventDate "2014.03.17"]

1. Nf3 Nf6 2. c4 g6 3. d4 Bg7 4. g3 d6 5. Bg2 O-O 6. O-O Nbd7 7. Nc3 e5 8. e4
c6 9. b3 Re8 10. h3 exd4 11. Nxd4 Nc5 12. Re1 Qa5 13. Bd2 Nfd7 14. Nce2 Qd8 15.
Qc2 a5 16. Be3 Qe7 17. Nc3 h5 18. Rad1 Qf8 19. f4 Nf6 20. Bf2 Bh6 21. Nf3 Bg7
22. Rd2 Nh7 23. Rde2 Nf6 24. Kh2 Nh7 25. Qd2 Be6 26. Nd4 Bd7 27. Rd1 Red8 28.
Qe1 g5 29. e5 dxe5 30. fxe5 Qe7 31. Qg1 Bf8 32. Ne4 Nxe4 33. Bxe4 Bg7 34. Rde1
Nf8 35. Nf5 Bxf5 36. Bxf5 Ne6 37. Bb6 Rd7 38. Qe3 Bf8 39. Qf3 c5 40. Qxh5 Bg7
41. Qh7+ Kf8 42. Bxe6 1-0

[Event "Pojedinacno prvenstvo Centralne Srbije 2"]
[Site "Vrnjacka Banja"]
[Date "2014.03.20"]
[Round "6.16"]
[White "Jovanovic, Bojan P"]
[Black "Stojanovic, Andjelija"]
[Result "1/2-1/2"]
[WhiteElo "2254"]
[BlackElo "2295"]
[PlyCount "21"]
[EventDate "2014.03.17"]

1. d4 Nf6 2. c4 g6 3. Nc3 d5 4. Bg5 Ne4 5. h4 Bg7 6. cxd5 Nxc3 7. bxc3 Qxd5 8.
e3 Nc6 9. Qb3 Qa5 10. Nf3 h6 11. Bf4 1/2-1/2

[Event "Pojedinacno prvenstvo Centralne Srbije 2"]
[Site "Vrnjacka Banja"]
[Date "2014.03.20"]
[Round "6.17"]
[White "Rajkovic, Dusan"]
[Black "Djosic, Slavoljub"]
[Result "1-0"]
[WhiteElo "2369"]
[BlackElo "2252"]
[PlyCount "95"]
[EventDate "2014.03.17"]

1. d4 d6 2. c4 Nd7 3. Nc3 e5 4. Nf3 Ngf6 5. e4 g6 6. Be2 Bg7 7. O-O O-O 8. Be3
h6 9. dxe5 dxe5 10. Nd2 c6 11. b4 Re8 12. c5 Nf8 13. Nc4 Ne6 14. Nd6 Re7 15.
Qc1 Kh7 16. Bc4 b5 17. Bb3 a5 18. a3 Rea7 19. Rb1 axb4 20. axb4 Nh5 21. Rd1 Qf8
22. Ne2 Bd7 23. f3 Nd8 24. g4 Nf6 25. Qd2 Be6 26. Nc1 Ra3 27. Qc2 Bxb3 28. Rxb3
Ne6 29. Rxa3 Rxa3 30. Rd3 Rxd3 31. Qxd3 Nd4 32. Bxd4 exd4 33. Qb3 Qa8 34. Qa2
Qxa2 35. Nxa2 Kg8 36. Nc8 Kf8 37. Na7 Nd7 38. Nxc6 Ke8 39. Kf2 Nf8 40. Na7 Be5
41. h3 Ne6 42. Nxb5 Nf4 43. h4 Bf6 44. g5 hxg5 45. hxg5 Nh3+ 46. Ke2 Nxg5 47.
Nc1 Ne6 48. Kd3 1-0

[Event "Pojedinacno prvenstvo Centralne Srbije 2"]
[Site "Vrnjacka Banja"]
[Date "2014.03.20"]
[Round "6.18"]
[White "Dudukovic, Nikola"]
[Black "Stojanovic, Zlatko"]
[Result "1/2-1/2"]
[WhiteElo "2364"]
[BlackElo "2253"]
[PlyCount "96"]
[EventDate "2014.03.17"]

1. e4 e5 2. Nf3 Nc6 3. Bb5 a6 4. Ba4 d6 5. c3 Bd7 6. O-O Nge7 7. d3 Ng6 8. Nbd2
Be7 9. Re1 O-O 10. Nf1 Nh4 11. Nxh4 Bxh4 12. Ng3 Bg5 13. Rf1 Bxc1 14. Qxc1 g5
15. Qe3 h6 16. Bxc6 bxc6 17. d4 f6 18. b4 a5 19. a4 Qe7 20. Rfb1 Rfb8 21. h3
Qf7 22. bxa5 Rxb1+ 23. Rxb1 Rxa5 24. Rb8+ Kh7 25. Qf3 exd4 26. cxd4 Rxa4 27.
Nh5 f5 28. e5 Rxd4 29. Nf6+ Kg7 30. Rg8+ Qxg8 31. Nxg8 Kxg8 32. Qb3+ Rd5 33. e6
Bxe6 34. Qb8+ Kg7 35. Qxc7+ Bf7 36. Qxc6 f4 37. Kh2 h5 38. Qc3+ Kg6 39. Qb4 h4
40. g3 hxg3+ 41. fxg3 fxg3+ 42. Kxg3 Rd3+ 43. Kf2 Be6 44. Qe4+ Bf5 45. Qe8+ Kf6
46. Qh8+ Ke6 47. Qh6+ Ke5 48. Qxg5 Rxh3 1/2-1/2

[Event "Pojedinacno prvenstvo Centralne Srbije 2"]
[Site "Vrnjacka Banja"]
[Date "2014.03.20"]
[Round "6.19"]
[White "Zivkovic, Nemanja"]
[Black "Colovic, Zoran"]
[Result "1-0"]
[WhiteElo "2290"]
[BlackElo "2102"]
[PlyCount "93"]
[EventDate "2014.03.17"]

1. e4 c5 2. Nf3 Nc6 3. c3 d5 4. d3 dxe4 5. dxe4 Qxd1+ 6. Kxd1 Bg4 7. Bf4 e5 8.
Be3 Nf6 9. Nbd2 Be7 10. Bb5 O-O-O 11. Kc2 Nd7 12. Nc4 f6 13. a4 Kc7 14. a5 Be6
15. Nfd2 Rhe8 16. f3 Bf8 17. Bf2 a6 18. Ba4 g6 19. Ne3 Bh6 20. Nd5+ Kb8 21. Nc4
Rf8 22. Ra3 f5 23. Bg3 fxe4 24. fxe4 Bf4 25. Rb3 Ka7 26. Bh4 Rc8 27. Nd6 Nxa5
28. Nxc8+ Rxc8 29. Bxd7 Bxd7 30. Nb6 Nxb3 31. Nxc8+ Bxc8 32. Kxb3 Bg4 33. Bg3
b5 34. Bxf4 exf4 35. Kc2 Kb6 36. b4 c4 37. Kd2 a5 38. bxa5+ Kxa5 39. Ra1+ Kb6
40. Ra8 Kc5 41. Rf8 g5 42. Rg8 h6 43. h4 f3 44. gxf3 Bxf3 45. hxg5 Bxe4 46.
gxh6 b4 47. Rg5+ 1-0

[Event "Pojedinacno prvenstvo Centralne Srbije 2"]
[Site "Vrnjacka Banja"]
[Date "2014.03.20"]
[Round "6.20"]
[White "Pantovic, Dragan M"]
[Black "Stanojevic, Branko"]
[Result "1-0"]
[WhiteElo "2132"]
[BlackElo "2271"]
[PlyCount "49"]
[EventDate "2014.03.17"]

1. Nf3 c5 2. c4 Nc6 3. g3 g6 4. Bg2 Bg7 5. Nc3 e6 6. d3 Nge7 7. Bg5 h6 8. Bd2
d5 9. Qc1 b6 10. O-O Bb7 11. Rb1 Qd7 12. a3 Rc8 13. Rd1 Nd4 14. b4 Nef5 15.
bxc5 dxc4 16. Nxd4 Nxd4 17. Bxb7 Qxb7 18. Be3 Nb3 19. Qc2 Nxc5 20. Nb5 Qb8 21.
d4 Nb3 22. Bf4 e5 23. dxe5 g5 24. Nd6+ Ke7 25. Qf5 1-0

[Event "Pojedinacno prvenstvo Centralne Srbije 2"]
[Site "Vrnjacka Banja"]
[Date "2014.03.20"]
[Round "6.21"]
[White "Petrovic, Zoran Z"]
[Black "Zivkovic, Marko"]
[Result "1/2-1/2"]
[WhiteElo "2056"]
[BlackElo "2192"]
[PlyCount "86"]
[EventDate "2014.03.17"]

1. e4 c6 2. d3 d5 3. Nd2 g6 4. Ngf3 Bg4 5. h3 Bxf3 6. Qxf3 Bg7 7. g3 e6 8. Bg2
Ne7 9. O-O O-O 10. Nb3 Nd7 11. Qe2 Qb6 12. c3 a5 13. d4 a4 14. Nd2 Qa6 15. Qxa6
Rxa6 16. Rb1 Raa8 17. Re1 Rfe8 18. e5 c5 19. Bf1 cxd4 20. cxd4 Rec8 21. Nf3 Bf8
22. Bd2 Nb6 23. Bb4 Nc6 24. Bxf8 Kxf8 25. Rec1 Na5 26. Rc3 Ke7 27. Rbc1 a3 28.
bxa3 Rxc3 29. Rxc3 Rc8 30. Rxc8 Nxc8 31. Bb5 Na7 32. a4 Nxb5 33. axb5 Nc4 34.
Kf1 Na3 35. Ke2 Nxb5 36. Kd3 h6 37. a4 Na7 38. Nd2 Nc6 39. Nb3 b6 40. Kc3 f6
41. f4 fxe5 42. fxe5 Kd7 43. Kd3 Ke7 1/2-1/2

[Event "Pojedinacno prvenstvo Centralne Srbije 2"]
[Site "Vrnjacka Banja"]
[Date "2014.03.20"]
[Round "6.22"]
[White "Jokic, Miodrag"]
[Black "Tosic, Dragoljub"]
[Result "1-0"]
[WhiteElo "2103"]
[BlackElo "1966"]
[PlyCount "74"]
[EventDate "2014.03.17"]

1. d4 Nf6 2. c4 d5 3. Nc3 g6 4. Nf3 Bg7 5. e3 O-O 6. Be2 c5 7. dxc5 Qa5 8. O-O
Qxc5 9. cxd5 Rd8 10. Qb3 Nxd5 11. Nxd5 Rxd5 12. Bc4 Rf5 13. e4 Rf6 14. Be3 Qh5
15. Ng5 e6 16. Qc2 Nc6 17. Be2 Nd4 18. Qxc8+ Rxc8 19. Bxh5 Nc2 20. Bg4 Nxe3 21.
fxe3 Rc2 22. e5 Rxf1+ 23. Rxf1 Bh6 24. Nxf7 Bxe3+ 25. Kh1 Rxb2 26. Bxe6 Kg7 27.
g3 a5 28. h4 h5 29. Bb3 a4 30. Bd5 Rf2 31. Rxf2 Bxf2 32. Kg2 Be1 33. Nd6 b6 34.
Bc6 a3 35. Nc4 Bb4 36. Kf3 Bc3 37. Kf4 Bb4 1-0

[Event "Pojedinacno prvenstvo Centralne Srbije 2"]
[Site "Vrnjacka Banja"]
[Date "2014.03.20"]
[Round "6.23"]
[White "Miladinovic, Lena"]
[Black "Zajic, Milun"]
[Result "0-1"]
[WhiteElo "2095"]
[BlackElo "1954"]
[PlyCount "135"]
[EventDate "2014.03.17"]

1. d4 Nf6 2. Nf3 g6 3. c4 Bg7 4. Nc3 O-O 5. e4 d6 6. h3 c6 7. Be3 a6 8. Be2 b5
9. cxb5 cxb5 10. e5 Ne8 11. O-O Nd7 12. a4 b4 13. Nd5 a5 14. Qb3 dxe5 15. dxe5
Nxe5 16. Nxe5 Bxe5 17. Bb6 Qd6 18. Rad1 Bb7 19. Bf3 Ra6 20. Qc4 Rxb6 21. Nxb6
Qxb6 22. Bxb7 Qxb7 23. b3 Bb8 24. Qc5 Qc7 25. Qxc7 Nxc7 26. Rd7 e6 27. Rc1 Nd5
28. Rc5 Be5 29. Rxa5 Rc8 30. g3 Bd4 31. Kf1 Rc2 32. Ra8+ Kg7 33. a5 Rxf2+ 34.
Ke1 Rc2 35. Kf1 Rb2 36. a6 Rxb3 37. Rb8 Rxg3 38. a7 Bxa7 39. Rxa7 Rxh3 40. Kg2
Rh4 41. Kg3 Rf4 42. Re8 Rf6 43. Kh4 b3 44. Rb7 Rf4+ 45. Kg3 Rb4 46. Rxb4 Nxb4
47. Rb8 Nd5 48. Rxb3 g5 49. Kg4 Kg6 50. Rb8 h5+ 51. Kf3 Kf5 52. Rb5 f6 53. Ra5
h4 54. Ra4 Nf4 55. Kf2 e5 56. Ra5 g4 57. Ra8 Ne6 58. Rh8 g3+ 59. Kf3 Ng5+ 60.
Kg2 Kg4 61. Rg8 f5 62. Ra8 f4 63. Ra4 e4 64. Kg1 h3 65. Kf1 h2 66. Kg2 f3+ 67.
Kh1 Kh3 68. Rxe4 0-1

[Event "Pojedinacno prvenstvo Centralne Srbije 2"]
[Site "Vrnjacka Banja"]
[Date "2014.03.20"]
[Round "6.24"]
[White "Todorovic, Kosta"]
[Black "Gajic, Sladjan"]
[Result "0-1"]
[WhiteElo "1929"]
[BlackElo "2066"]
[PlyCount "56"]
[EventDate "2014.03.17"]

1. e4 c5 2. Nc3 Nc6 3. g3 g6 4. Bg2 Bg7 5. d3 d6 6. Nge2 Nf6 7. h3 O-O 8. O-O
e6 9. f4 d5 10. e5 Ne8 11. Kh2 Bd7 12. d4 cxd4 13. Nxd4 Nxd4 14. Qxd4 Qc7 15.
Be3 b6 16. Rfd1 Bc6 17. a4 f6 18. a5 fxe5 19. Qb4 d4 20. axb6 Qb7 21. Bxc6 Qxc6
22. Rxa7 Rxa7 23. bxa7 Nc7 24. Bg1 dxc3 25. Rd6 Qf3 26. Rd7 exf4 27. Rxg7+ Kxg7
28. Bd4+ Kg8 0-1

[Event "Pojedinacno prvenstvo Centralne Srbije 2"]
[Site "Vrnjacka Banja"]
[Date "2014.03.20"]
[Round "6.25"]
[White "Ristic, Dejan D"]
[Black "Gagic, Miroljub"]
[Result "1/2-1/2"]
[WhiteElo "1770"]
[BlackElo "1865"]
[PlyCount "121"]
[EventDate "2014.03.17"]

1. c4 e5 2. Nc3 Nf6 3. Nf3 Nc6 4. g3 Bb4 5. Bg2 Bxc3 6. bxc3 O-O 7. O-O d6 8.
d4 Re8 9. Qc2 h6 10. dxe5 Nxe5 11. Nxe5 Rxe5 12. Be3 Qe8 13. Rfe1 Ra5 14. Bd4
Nd7 15. Be4 Ne5 16. Bxe5 Rxe5 17. Bg2 Rb8 18. e4 Be6 19. Bf1 Rc5 20. Rab1 Qc6
21. Bg2 Qa6 22. f4 Bxc4 23. Rb2 Ra5 24. Ra1 Qc6 25. h3 Qc5+ 26. Qf2 Qxf2+ 27.
Kxf2 b6 28. a3 Rc5 29. Ke3 Ba6 30. Kd2 Bb7 31. Rb4 Re8 32. Bh1 a5 33. Rd4 f5
34. exf5 Bxh1 35. Rxh1 Rxf5 36. g4 Rf7 37. Rf1 Rfe7 38. Rf3 Re4 39. Kd3 Re1 40.
Kc4 Kf7 41. Kd5 Ke7 42. Re4+ Rxe4 43. Kxe4 c6 44. c4 b5 45. cxb5 cxb5 46. Rb3
Rb8 47. Kd5 Kd7 48. h4 b4 49. axb4 Rxb4 50. Ra3 Rb5+ 51. Ke4 Ke6 52. f5+ Kf6
53. Rd3 Rb4+ 54. Kf3 Ke7 55. Kg3 a4 56. Rd5 Kd7 57. g5 hxg5 58. hxg5 Rb7 59.
Ra5 Ke7 60. Rxa4 d5 61. Kf4 {...} 1/2-1/2

[Event "Pojedinacno prvenstvo Centralne Srbije 2"]
[Site "Vrnjacka Banja"]
[Date "2014.03.20"]
[Round "6.26"]
[White "Dabizljevic, Radun"]
[Black "Ratkovic, Petar"]
[Result "1/2-1/2"]
[WhiteElo "1834"]
[BlackElo "1783"]
[PlyCount "83"]
[EventDate "2014.03.17"]

1. e4 c6 2. Nf3 d5 3. Nc3 Bg4 4. Be2 e6 5. exd5 cxd5 6. d4 Nc6 7. a3 Nf6 8. Bg5
Be7 9. O-O Bxf3 10. Bxf3 Qb6 11. Ne2 Qxb2 12. Qd3 Qb6 13. Rfb1 Qc7 14. Bf4 Qd7
15. Qb5 b6 16. c3 Na5 17. Qa6 O-O 18. Qd3 Nc4 19. a4 h6 20. h4 Bd6 21. g4 Bxf4
22. Nxf4 Rac8 23. g5 hxg5 24. hxg5 Ne4 25. Kg2 Nxg5 26. Rh1 f5 27. Rh5 Nxf3 28.
Qxf3 Rf6 29. Rah1 Kf7 30. Rh7 Rg8 31. Qe2 Qd6 32. Qh5+ Ke7 33. Qg5 Kf8 34. Rh8
Qd7 35. Ng6+ Kf7 36. Nf4 Qc8 37. R1h7 Qf8 38. Qh5+ Ke7 39. Rxg8 Qxg8 40. Rh8
Qf7 41. Qe2 Kd7 42. Ra8 1/2-1/2

[Event "Pojedinacno prvenstvo centralne Srbije"]
[Site "www.sah-centralnasrbija.com"]
[Date "2014.03.20"]
[Round "6"]
[White "RISTIC , Nenad"]
[Black "SEDLAK , Nikola"]
[Result "1/2-1/2"]
[WhiteElo "2431"]
[BlackElo "2562"]
[PlyCount "84"]
[EventDate "2014.??.??"]

1. e4 e6 2. d4 d5 3. Nc3 Nf6 4. Bg5 dxe4 5. Nxe4 Be7 6. Nxf6+ Bxf6 7. Bxf6 Qxf6
8. Nf3 O-O 9. Bd3 c5 10. dxc5 Nd7 11. c6 bxc6 12. c3 Nc5 13. Qc2 Nxd3+ 14. Qxd3
Rd8 15. Qe2 c5 16. O-O Bb7 17. Rfd1 Bxf3 18. Qxf3 Qxf3 19. gxf3 a5 20. Kf1 Kf8
21. Ke2 Rd5 22. b3 Ke7 23. Rxd5 exd5 24. Rg1 g6 25. Rg4 Kd6 26. Rh4 h5 27. Rf4
f5 28. h4 Kc6 29. Ra4 Kb6 30. Kd2 Rd8 31. Ke2 Rd7 32. Ke1 Rc7 33. Kd2 Rc8 34.
Kd3 Rd8 35. Ke2 Re8+ 36. Kd2 Re7 37. Kd1 Rd7 38. Ke2 Rd6 39. Ke1 Rf6 40. Kd2 f4
41. Ke2 Rf5 42. Kf1 Rf8 1/2-1/2

[Event "Pojedinacno prvenstvo centralne Srbije"]
[Site "www.sah-centralnasrbija.com"]
[Date "2014.03.20"]
[Round "6"]
[White "LAJTHAJM,  Borko"]
[Black "ABRAMOVIC , Bosko"]
[Result "1/2-1/2"]
[WhiteElo "2525"]
[BlackElo "2437"]
[PlyCount "131"]
[EventDate "2014.??.??"]

1. d4 Nf6 2. c4 e6 3. Nf3 b6 4. g3 Bb7 5. Bg2 Be7 6. O-O O-O 7. b3 d5 8. cxd5
exd5 9. Qc2 Nbd7 10. Ba3 Bxa3 11. Nxa3 c5 12. Rfd1 Qe7 13. Qb2 Rfe8 14. e3 Ne4
15. Nb5 Ndf6 16. Ne5 a6 17. Nc3 cxd4 18. exd4 Rac8 19. Ne2 Rc7 20. Rac1 Rec8
21. Bh3 Rxc1 22. Rxc1 Rc7 23. a3 a5 24. Nf4 g6 25. Bf1 Kg7 26. f3 Nd6 27. g4
Rxc1 28. Qxc1 Nfe8 29. Kg2 Nc7 30. a4 Nde8 31. Bb5 Nxb5 32. axb5 Nc7 33. Nc6
Qd6 34. Na7 Qe7 35. h4 h6 36. Kg3 Qd6 37. Kh3 Qe7 38. Qc3 Kf8 39. Qd2 Kg7 40.
Qc1 Kh7 41. Nc6 Qd6 42. Ne5 Kg8 43. Nfxg6 fxg6 44. Qxh6 Qf6 45. Kg3 Ne6 46. Qe3
Nf8 47. f4 Bc8 48. Nc6 Kg7 49. Ne5 Bd7 50. Qf3 Qe6 51. h5 gxh5 52. f5 Qe7 53.
Qxd5 hxg4 54. Kxg4 Be8 55. Nc4 Nh7 56. Qe5+ Nf6+ 57. Kf4 Kf8 58. Nxb6 Bxb5 59.
Qxb5 Qe4+ 60. Kg3 Qg4+ 61. Kf2 Qxd4+ 62. Ke2 Ne4 63. Qxa5 Nc3+ 64. Kf3 Qd3+ 65.
Kg4 Qd4+ 66. Kh5 1/2-1/2

[Event "Pojedinacno prvenstvo centralne Srbije"]
[Site "www.sah-centralnasrbija.com"]
[Date "2014.03.20"]
[Round "6"]
[White "MILANOVIC,  Danilo"]
[Black "PIKULA , Dejan"]
[Result "1/2-1/2"]
[WhiteElo "2506"]
[BlackElo "2498"]
[PlyCount "20"]
[EventDate "2014.??.??"]

1. d4 d5 2. c4 c6 3. Nc3 Nf6 4. Nf3 a6 5. c5 g6 6. Bf4 Nh5 7. Bd2 Bg7 8. h3 Nd7
9. g4 Nhf6 10. Bf4 Nb8 1/2-1/2

[Event "Pojedinacno prvenstvo centralne Srbije"]
[Site "www.sah-centralnasrbija.com"]
[Date "2014.03.20"]
[Round "6"]
[White "MARKOVIC , Miroslav"]
[Black "BOJKOVIC,  Natasa"]
[Result "0-1"]
[WhiteElo "2498"]
[BlackElo "2411"]
[PlyCount "144"]
[EventDate "2014.??.??"]

1. e4 c5 2. c3 d5 3. d3 Nc6 4. Qe2 g6 5. g3 e6 6. Nf3 Bg7 7. Bg2 Nge7 8. h4 h6
9. O-O b6 10. Re1 d4 11. e5 dxc3 12. bxc3 Ba6 13. c4 Qd7 14. Nc3 Rd8 15. Bf1
Nf5 16. Ne4 Nfd4 17. Nxd4 Nxd4 18. Qd1 Bb7 19. Bf4 Bxe4 20. Rxe4 O-O 21. Re1
Nc6 22. a3 Qd4 23. Qe2 Ne7 24. Rad1 Nf5 25. Bh3 Ne7 26. Bg2 Qd7 27. Be4 Nc6 28.
Qe3 h5 29. Bg5 Nxe5 30. Bxd8 Rxd8 31. Qe2 Nc6 32. Bxc6 Qxc6 33. Qe3 Qa4 34. Qg5
Rd4 35. Qe7 Bf8 36. Qc7 Qxa3 37. Re3 Qa4 38. Rde1 Qd7 39. Qb8 Qe7 40. Ra1 Rd7
41. Rf3 Kh7 42. Ra2 Bg7 43. Kg2 Bd4 44. Re2 Kg7 45. Re4 f5 46. Re2 e5 47. Qc8
Rc7 48. Qa6 Qd7 49. Kg1 Qc6 50. Rfe3 Bxe3 51. Rxe3 Qd6 52. Qa1 Re7 53. Qa6 Qd7
54. Qa1 Qd4 55. Qa6 f4 56. gxf4 Qxf4 57. Re4 Qc1+ 58. Kg2 Rf7 59. Qa2 Qd1 60.
Qb2 Qf3+ 61. Kg1 Kh7 62. Qc2 Rf5 63. Qa2 Qxd3 64. Re3 Qd7 65. Qc2 Qd4 66. Re4
Qd6 67. Re3 Qf6 68. Rd3 Qxh4 69. Re3 Qg4+ 70. Kf1 Qf4 71. Ke1 Qh2 72. Qe4 Qg1+
0-1

[Event "Pojedinacno prvenstvo centralne Srbije"]
[Site "www.sah-centralnasrbija.com"]
[Date "2014.03.20"]
[Round "6"]
[White "ANTIC,  Dejan"]
[Black "CABRILO , Goran"]
[Result "1-0"]
[WhiteElo "2462"]
[BlackElo "2406"]
[PlyCount "69"]
[EventDate "2014.??.??"]

1. d4 Nf6 2. c4 e6 3. g3 c5 4. d5 exd5 5. cxd5 d6 6. Nc3 g6 7. Bg2 Bg7 8. Nf3
O-O 9. O-O Na6 10. Nd2 Nc7 11. Nc4 Nfe8 12. a4 b6 13. Qd2 Rb8 14. Rb1 Bd7 15.
b3 a6 16. Bb2 b5 17. Na5 Nf6 18. Nc6 Bxc6 19. dxc6 d5 20. axb5 axb5 21. Rfd1
Rb6 22. Nxd5 Nfxd5 23. Bxg7 Kxg7 24. e4 Rxc6 25. exd5 Rf6 26. Qc3 Qd6 27. Rbc1
Na6 28. Re1 Rc8 29. h4 h5 30. Ra1 Nb4 31. Red1 Rc7 32. Rd2 c4 33. bxc4 Rxc4 34.
Qb2 Qc5 35. d6 1-0

[Event "Pojedinacno prvenstvo centralne Srbije"]
[Site "www.sah-centralnasrbija.com"]
[Date "2014.03.20"]
[Round "6"]
[White "RABRENOVIC,  Vladan"]
[Black "MAKSIMOVIC , Branimir"]
[Result "0-1"]
[WhiteElo "2392"]
[BlackElo "2364"]
[PlyCount "82"]
[EventDate "2014.??.??"]

1. d4 e6 2. c4 Bb4+ 3. Nc3 c5 4. Nf3 Nf6 5. g3 cxd4 6. Nxd4 Ne4 7. Qb3 Qa5 8.
Nc2 Bxc3+ 9. bxc3 Nc5 10. Qa3 Qxa3 11. Bxa3 d6 12. Bg2 Nbd7 13. Nd4 a6 14. Rb1
Ra7 15. O-O Ne5 16. Rb4 Ke7 17. f4 Ng4 18. Nc2 Bd7 19. h3 Nf6 20. Rb6 Rc8 21.
Nd4 Ba4 22. Bxc5 dxc5 23. Nb3 Nd7 24. Rxb7 Rxb7 25. Bxb7 Rb8 26. Na5 Kd6 27.
Rb1 f5 28. e4 Kc7 29. e5 Nf8 30. Kf2 Ng6 31. Ke3 Ne7 32. Kd2 Bc6 33. Bxc6 Rxb1
34. Be8 Rb2+ 35. Kc1 Rxa2 36. Nb3 Kb6 37. Nd2 a5 38. Bd7 a4 39. Bxe6 a3 40. Nb3
Rb2 41. Na1 Rg2 0-1